| 000 | 00665nam a22001697a 4500 | ||
|---|---|---|---|
| 003 | OSt | ||
| 005 | 20171010095457.0 | ||
| 008 | 120706t xxu||||| |||| 00| 0 eng d | ||
| 040 |
_aMMSU _cULS |
||
| 100 |
_aAcosta, Rowena Leah D. _910994 |
||
| 245 |
_aIsolation and characterization of natives saccharomyces strains from jaggery obtained from three different varieties of sweet sorghum (Sorghum bicolor (L.) Moench) _cRowena Leah D. Acosta |
||
| 260 | _c2008 | ||
| 300 |
_axvi, 30 leaves _c28 cm. |
||
| 500 | _aThesis (BS Biology) -- Mariano Marcos State University-College of Arts & Sciences, Batac City | ||
| 504 | _aBibliography: leaf 21 | ||
| 942 |
_2ddc _cTHEDIS |
||
| 999 |
_c9632 _d9632 |
||